IFM Opac

consulting for saccess (Record no. 17704)

MARC details
000 -LEADER
fixed length control field 00333nam a22001337a 4500
020 ## - INTERNATIONAL STANDARD BOOK NUMBER
International Standard Book Number 0813824788
082 ## - DEWEY DECIMAL CLASSIFICATION NUMBER
Classification number 615.85BEH
100 ## - MAIN ENTRY--PERSONAL NAME
Personal name BEHRENS,Rosemeary
245 ## - TITLE STATEMENT
Title consulting for saccess
260 ## - PUBLICATION, DISTRIBUTION, ETC.
Place of publication, distribution, etc. new york
Name of publisher, distributor, etc. state universty press
Date of publication, distribution, etc. 1994
300 ## - PHYSICAL DESCRIPTION
Extent 103
Other physical details ill,:cm25.5
500 ## - GENERAL NOTE
General note include.bibliograph and index
942 ## - ADDED ENTRY ELEMENTS (KOHA)
Koha item type Books
Holdings
Withdrawn status Lost status Source of classification or shelving scheme Damaged status Not for loan Collection code Home library Current library Shelving location Date acquired Full call number Barcode Date last seen Price effective from Koha item type
    Dewey Decimal Classification     Non-fiction IFM Main Campus Library IFM Main Campus Library   08/04/2017 615.85BEH 26426/00 08/04/2017 08/04/2017 Books